000 00365 a2200145 4500
020 _a619661966196
082 _a111
090 _c5695
_d5695
110 _aICFAI
245 _aThe CEO Compensation Controversy
_cICMR Case Collection
250 _aHROB 020
260 _aIndia
_bICFAI Center for Management Research
_c2003
300 _a6p
942 _aNBS
_cCS
_k111
999 _c348096
_d348096